000 00318nam a2200133Ia 4500
008 220216s9999 xx 000 0 und d
100 _aSchnecko H
245 0 _aRubber recycling
260 _bKautschuk Gummi Kunststoffe
_c1994
300 _a885-890
650 _aNatural rubber
650 _aRecycling
942 _cJS
999 _c67945
_d67945